Alphabetical US States Quiz Stats

 Plays Quiz Updated Mar 18, 2020

Support Sporcle.
Go Orange.
Score 0/50 Timer 07:00
6 Plays Today
State % Correct
Alabama
99.5%
Alaska
96.5%
Arkansas
90.8%
Arizona
90.2%
California
85.5%
Delaware
83.6%
Colorado
83.5%
Georgia
81.8%
Connecticut
81.2%
Florida
80.5%
Indiana
79.1%
Illinois
78.8%
Hawaii
78.7%
Idaho
77.1%
Iowa
76.6%
Kentucky
75.9%
Kansas
75.3%
Louisiana
74.7%
Maine
73.3%
Maryland
70.3%
Michigan
68.6%
Massachusetts
68.5%
Mississippi
66.4%
Montana
66.1%
Minnesota
65.5%
State % Correct
Missouri
64.8%
New York
63.4%
New Jersey
63.2%
New Hampshire
62.4%
New Mexico
62.2%
Nebraska
61.3%
North Dakota
60.6%
North Carolina
60.3%
Nevada
60.1%
Ohio
58.4%
Wyoming
57.2%
Oregon
56.7%
Pennsylvania
56.5%
Oklahoma
55.1%
Rhode Island
54.2%
Vermont
54.1%
West Virginia
54%
Utah
53.8%
South Dakota
53.6%
South Carolina
53.5%
Virginia
53.4%
Tennessee
53.3%
Washington
53.3%
Texas
52.7%
Wisconsin
51.2%

From the Vault

Classic Sidescrollers by GIF

by puzzman3d

Gaming 5m
Who needs three-dimensional movement? Side-to-side gets the job done just fine!
Remove Ads.
Support Sporcle.
Get the best of Sporcle when you Go Orange. This ad-free experience offers more features, more stats, and more fun while also helping to support Sporcle. Thank you for becoming a member.

Show Comments

Extras

Top Quizzes Today


Score Distribution

Your Account Isn't Verified!

In order to create a playlist on Sporcle, you need to verify the email address you used during registration. Go to your Sporcle Settings to finish the process.

Report this User

Report this user for behavior that violates our Community Guidelines.

Details: